Sports Quiz

Random Sports or MLB Quiz

MLB Leaders 1997 Quiz Stats

 Plays Quiz not verified by Sporcle

Challenge
Share
Tweet
Embed
Score 0/40 Timer 08:00
0 Plays Today
Hint Answer % Correct
Home RunsMark McGwire
95.9%
Home RunsKen Griffey
93.1%
RBIKen Griffey
93.1%
ERARandy Johnson
93%
WinsRandy Johnson
93%
StrikeoutsRandy Johnson
93%
Home RunsTino Martinez
92.8%
RBITino Martinez
92.8%
ERAPedro Martinez
92.8%
StrikeoutsPedro Martinez
92.8%
SavesMariano Rivera
87.8%
ERARoger Clemens
83.8%
WinsRoger Clemens
83.8%
StrikeoutsRoger Clemens
83.8%
ERAGreg Maddux
81.9%
StrikeoutsCurt Schilling
80.3%
Batting AverageLarry Walker
79.4%
Home RunsLarry Walker
79.4%
Batting AverageTony Gwynn
77.7%
StrikeoutsJohn Smoltz
75.5%
Hint Answer % Correct
SavesTrevor Hoffman
72.6%
RBIJuan Gonzalez
69.2%
Batting AverageFrank Thomas
68%
Batting AverageKenny Lofton
64.9%
RBIAndres Galarraga
58.9%
Home RunsJeff Bagwell
56.9%
RBIJeff Bagwell
56.9%
Batting AverageMike Piazza
50.1%
Stolen BasesChuck Knoblauch
28.2%
Stolen BasesOtis Nixon
27.6%
SavesRod Beck
26.3%
SavesRandy Myers
22.3%
Stolen BasesBrian Hunter
22.2%
Stolen BasesTony Womack
19.4%
Stolen BasesDeion Sanders
17.5%
ERADarryl Kile
17.5%
WinsDenny Neagle
15%
WinsBrad Radke
14%
WinsShawn Estes|Greg Maddux|Darryl Kile
9.8%
SavesJeff Shaw
8.5%

You're not logged in!

Compare scores with friends on all Sporcle quizzes.
Join for Free
OR
Log In

You Might Also Like...

Show Comments

Extras

Top Quizzes Today


Score Distribution

Your Account Isn't Verified!

In order to create a playlist on Sporcle, you need to verify the email address you used during registration. Go to your Sporcle Settings to finish the process.

Report this User

Report this user for behavior that violates our Community Guidelines.

Details: